|
|
|
|
| LEADER |
01274nam a22003252i 4500 |
| 001 |
001595991 |
| 003 |
CZ BrMZK |
| 005 |
20170921135726.0 |
| 007 |
ta |
| 008 |
170921s1915 gw er|||||||||||ger d |
| 035 |
|
|
|a (OCoLC)248509521
|
| 040 |
|
|
|a BOA001
|b cze
|e rda
|
| 041 |
0 |
|
|a ger
|
| 100 |
1 |
|
|a Komenský, Jan Amos,
|d 1592-1670
|7 jk01061444
|4 aut
|
| 245 |
1 |
0 |
|a Informatorium der Mutterschule ;
|b Didactica magna ; Orbis pictus : ausgewählte Abschnitte /
|c Johann Amos Comenius
|
| 264 |
|
1 |
|a Leipzig :
|b O. Nemnich,
|c [1915?]
|
| 300 |
|
|
|a 55 stran ;
|c 16 cm
|
| 336 |
|
|
|a text
|b txt
|2 rdacontent
|
| 337 |
|
|
|a bez média
|b n
|2 rdamedia
|
| 338 |
|
|
|a svazek
|b nc
|2 rdacarrier
|
| 490 |
0 |
|
|a Quellen zur Geschichte der Erziehung ;
|v 1. Bändchen
|
| 700 |
1 |
2 |
|a Komenský, Jan Amos,
|d 1592-1670.
|t Informatorium školy mateřské.
|l Německy
|7 aun2017955341
|
| 700 |
1 |
2 |
|a Komenský, Jan Amos,
|d 1592-1670.
|t Didactica magna.
|l Německy
|7 aun2015883006
|
| 700 |
1 |
2 |
|a Komenský, Jan Amos,
|d 1592-1670.
|t Orbis sensualium pictus.
|l Německy
|7 aun2012701463
|
| 830 |
|
0 |
|a Quellen zur Geschichte der Erziehung
|
| 910 |
|
|
|a BOA001
|b Kn-0236.252
|
| 990 |
|
|
|a BK
|
| 993 |
|
|
|a Y
|
| 991 |
|
|
|b 201709
|
| 996 |
6 |
|
|b 2619198985
|c Kn-0236.252
|l MZK
|r Sklad / do 1 hodiny
|n 0
|w 001631326
|u 000010
|a 1
|e BOA001
|j MZK50
|s P
|